00988nam a2200289 a 450000100060000000300090000600500170001500800410003202000180007304000280009104100080011908200150012724500960014225000340023826000360027230000270030850000290033550400290036465000410039365000190043470000400045385200130049394200120050694900260051899900170054495201370056125429CO-ViMGA20230915232058.0141112s2004 ck r 000 u spa d a9789586828147 aCO-ViMGAbspacCO-ViMGA aspa04a658.8 I5510aInnovación en la investigación de mercados / cInmaculada Aragón Marina ... [et al.]. aEdición Emma Ariza Herrera. aBogotá : bAlfaomega, c2011. a271 p. : il. ; 25 cm. aGlosario : p. 265 - 271. aIncluye bibliografías.14aAdministración de mercadeo.91686514aMercadeo 95591 aInmaculada Aragón, Marina.938793 17.648.30 2ddccBK an n c33018d33018 00102ddc40708002aMEVIECARbMEVIECARd2015-12-04h21/feb/2014l0o658.8 I55 p26622r2015-12-04 00:00:00tEj. 1w2015-12-04yBK